[Event "Charlotte Spring op"]
[Site "Charlotte"]
[Date "2025.03.29"]
[Round "3"]
[White "Horobetz, Graham"]
[Black "Moradiabadi, Elshan"]
[Result "1/2-1/2"]
[WhiteElo "2258"]
[BlackElo "2504"]
[PlyCount "44"]
[EventDate "2025.03.28"]
[EventType "swiss"]
[EventRounds "5"]
[EventCountry "USA"]
[SourceTitle "CB14_2025"]
[SourceDate "2024.11.01"]
[SourceVersion "1"]
[SourceVersionDate "2024.11.01"]
[SourceQuality "1"]

1. e4 e5 2. Nf3 Nc6 3. Bb5 g6 4. c3 a6 5. Ba4 Bg7 6. 0-0 Nge7 7. d4 exd4 8. cxd4 b5 9. Bb3 0-0 10. d5 Na5 11. Bd2 c5 12. d6 Nec6 13. Bd5 Bb7 14. Bg5 Qb6 15. Nc3 h6 16. Be3 Kh7 17. Rc1 Rae8 18. b3 Nb4 19. a3 Nxd5 20. Nxd5 Bxd5 21. Qxd5 Qb7 22. Rxc5 Qxd5 1/2-1/2

[Event "Wch Blitz"]
[Site "New York"]
[Date "2024.12.30"]
[Round "6"]
[White "Degenbaev, Aziz"]
[Black "Moradiabadi, Elshan"]
[Result "0-1"]
[WhiteElo "2260"]
[BlackElo "2512"]
[PlyCount "100"]
[EventDate "2024.12.30"]
[EventType "swiss (blitz)"]
[EventRounds "13"]
[EventCountry "USA"]
[SourceTitle "CB01_2025"]
[SourceDate "2025.01.01"]
[SourceVersion "1"]
[SourceVersionDate "2025.01.01"]
[SourceQuality "1"]

1. e4 c6 2. d4 d5 3. Nc3 dxe4 4. Nxe4 Nf6 5. Nxf6+ gxf6 6. c3 Qd5 7. Nf3 Bf5 8. c4 Qe4+ 9. Be3 Nd7 10. Qb3 0-0-0 11. Nd2 Qc2 12. Qxc2 Bxc2 13. Rc1 Bf5 14. Be2 e6 15. 0-0 Bd6 16. Bf3 Kb8 17. a3 h5 18. Kh1 Bg4 19. b4 f5 20. Nb3 Rhg8 21. c5 Bc7 22. a4 Nf6 23. b5 Nd5 24. Bxd5 Rxd5 25. f3 f4 26. Bf2 Bf5 27. Rfe1 f6 28. Bh4 Bd8 29. Re2 Kc8 30. Rb2 Rg7 31. h3 Rgd7 32. bxc6 bxc6 33. Re2 Rb7 34. Rc3 Rb4 35. a5 Kd7 36. g4 fxg3 37. Bxg3 Bxh3 38. Rh2 Bf1 39. Nd2 Bb5 40. Ne4 Rbxd4 41. Bf2 Rd1+ 42. Kg2 Bf1+ 43. Kg3 Bc7+ 44. f4 R1d3+ 45. Rxd3 Rxd3+ 46. Kh4 Bxf4 47. Rh1 Bg2 48. Nxf6+ Ke7 49. Ng8+ Kf8 50. Rg1 Rh3# 0-1

[Event "Wch Blitz"]
[Site "New York"]
[Date "2024.12.30"]
[Round "8"]
[White "Moradiabadi, Elshan"]
[Black "Adewumi, Tanitoluwa"]
[Result "0-1"]
[WhiteElo "2512"]
[BlackElo "2349"]
[PlyCount "115"]
[EventDate "2024.12.30"]
[EventType "swiss (blitz)"]
[EventRounds "13"]
[EventCountry "USA"]
[SourceTitle "CB01_2025"]
[SourceDate "2025.01.01"]
[SourceVersion "1"]
[SourceVersionDate "2025.01.01"]
[SourceQuality "1"]

1. d4 Nf6 2. Nf3 g6 3. Nbd2 Bg7 4. e4 d6 5. Bb5+ c6 6. Bd3 0-0 7. 0-0 Bg4 8. h3 Bxf3 9. Nxf3 Nbd7 10. e5 dxe5 11. dxe5 Nd5 12. Qe2 Nc5 13. Bc4 Nb6 14. Rd1 Qc7 15. Be3 Nxc4 16. Qxc4 Ne6 17. Qe4 Rfd8 18. a4 a5 19. h4 Rxd1+ 20. Rxd1 Rd8 21. Rxd8+ Qxd8 22. g3 h5 23. Kg2 Kf8 24. b3 Ke8 25. Nd4 Nc5 26. Qf3 Na6 27. e6 f6 28. g4 hxg4 29. Qxg4 Qd5+ 30. Kf1 Qh5 31. Qxh5 gxh5 32. Nf5 Bf8 33. Bb6 Nb4 34. Bxa5 Nd5 35. Bd2 Nc7 36. Ng3 Nxe6 37. Nxh5 Nd4 38. Nf4 Nxc2 39. Nd3 e5 40. h5 Kf7 41. Ne1 Nd4 42. b4 Ne6 43. Ke2 Ng7 44. h6 Nf5 45. h7 Bg7 46. Kd3 Nd6 47. Nc2 Kg6 48. Ne3 Kxh7 49. f3 f5 50. b5 cxb5 51. axb5 e4+ 52. Ke2 Kg6 53. fxe4 fxe4 54. b6 Bd4 55. Nd5 Nc4 56. Bf4 Nxb6 57. Nc7 Nc4 58. Nb5 0-1

[Event "Wch Rapid"]
[Site "New York"]
[Date "2024.12.26"]
[Round "1"]
[White "Moradiabadi, Elshan"]
[Black "Degenbaev, Aziz"]
[Result "1-0"]
[WhiteElo "2552"]
[BlackElo "2227"]
[PlyCount "85"]
[EventDate "2024.12.26"]
[EventType "swiss (rapid)"]
[EventRounds "13"]
[EventCountry "USA"]
[SourceTitle "CB01_2025"]
[SourceDate "2025.01.01"]
[SourceVersion "1"]
[SourceVersionDate "2025.01.01"]
[SourceQuality "1"]

1. d4 Nf6 2. Nf3 g6 3. c4 Bg7 4. Nc3 0-0 5. e4 d6 6. Bd3 e5 7. d5 a5 8. 0-0 Na6 9. Bg5 h6 10. Bd2 Nh5 11. g3 Nc5 12. Be2 Nf6 13. Qc2 Nfxe4 14. Nxe4 Bf5 15. Bd3 Bxe4 16. Bxe4 f5 17. Nh4 Nxe4 18. Nxg6 Rf6 19. Nh4 Nxd2 20. Qxd2 b6 21. Rae1 Qd7 22. f4 Re8 23. fxe5 dxe5 24. Kh1 Rf7 25. Qc2 f4 26. Qg6 Qh3 27. Rxf4 Rxf4 28. Qxe8+ Rf8 29. Qe6+ Qxe6 30. dxe6 Re8 31. Kg2 Rxe6 32. Kf3 Rd6 33. Re2 Rd3+ 34. Kg2 a4 35. Nf5 Bf8 36. g4 Kf7 37. h4 Ke6 38. h5 Kf6 39. Ng3 Kg5 40. Rxe5+ Kxg4 41. Ne4 Bd6 42. Nf2+ Kh4 43. Re4+ 1-0

[Event "Wch Rapid"]
[Site "New York"]
[Date "2024.12.26"]
[Round "2"]
[White "Praggnanandhaa, Rameshbabu"]
[Black "Moradiabadi, Elshan"]
[Result "1-0"]
[WhiteElo "2688"]
[BlackElo "2552"]
[PlyCount "181"]
[EventDate "2024.12.26"]
[EventType "swiss (rapid)"]
[EventRounds "13"]
[EventCountry "USA"]
[SourceTitle "CB01_2025"]
[SourceDate "2025.01.01"]
[SourceVersion "1"]
[SourceVersionDate "2025.01.01"]
[SourceQuality "1"]

1. d4 Nf6 2. c4 e6 3. Bf4 b6 4. Nf3 Bb7 5. e3 Bd6 6. Bxd6 cxd6 7. Nc3 0-0 8. Bd3 d5 9. cxd5 Nxd5 10. Nxd5 Bxd5 11. e4 Bb7 12. 0-0 Nc6 13. Rc1 Rc8 14. a3 Ne7 15. Nd2 Rxc1 16. Qxc1 Qb8 17. Qe1 Qd6 18. Qe3 f5 19. f3 fxe4 20. fxe4 Rxf1+ 21. Bxf1 Ng6 22. g3 Qc7 23. Qc3 Qxc3 24. bxc3 Kf8 25. Kf2 Ke7 26. Ke3 d6 27. Bd3 e5 28. Nf3 Kf6 29. h4 Bc8 30. Nd2 Be6 31. Be2 Ne7 32. Ba6 Bh3 33. Bb7 Ke6 34. Kf3 h5 35. Ke3 Bg4 36. Nc4 Bh3 37. Nd2 Bg4 38. Kd3 Kd7 39. Ba6 Kc6 40. Bc4 exd4 41. cxd4 d5 42. exd5+ Nxd5 43. Ke4 Nf6+ 44. Ke5 Nd7+ 45. Kf4 b5 46. Bf7 a5 47. Kg5 Nf8 48. Be8+ Kb6 49. Bxh5 Bxh5 50. Kxh5 a4 51. Kg5 b4 52. Kf5 bxa3 53. Nc4+ Kb5 54. Nxa3+ Kb4 55. Nb1 Kc4 56. d5 Kxd5 57. Nc3+ Kd6 58. Nxa4 Ke7 59. Nc5 Kf7 60. Ne4 g6+ 61. Ke5 Nd7+ 62. Kd6 Nb6 63. Kc6 Na4 64. Kd6 Nb6 65. Nd2 Nc8+ 66. Ke5 Ne7 67. Ne4 Nc6+ 68. Kd6 Nd4 69. Ke5 Nc6+ 70. Kf4 Nd4 71. g4 Kg7 72. Nc5 Kf6 73. Ke4 Nc6 74. Nd3 Nd8 75. Kd5 Ne6 76. Ne5 Nf4+ 77. Ke4 Ne6 78. Nd3 Nc7 79. Nb4 Ne6 80. Nd5+ Kg7 81. Ke5 Nc5 82. Nf4 Nd7+ 83. Ke6 Nc5+ 84. Ke5 Nd7+ 85. Kd6 Nf6 86. g5 Ng4 87. Ke7 Nh2 88. Ne6+ Kg8 89. Kf6 Nf3 90. Nf4 Nxh4 91. Nxg6 1-0

[Event "Saint Louis Masters op"]
[Site "Saint Louis"]
[Date "2024.12.05"]
[Round "5"]
[White "Khanin, Semen"]
[Black "Moradiabadi, Elshan"]
[Result "1-0"]
[WhiteElo "2568"]
[BlackElo "2512"]
[PlyCount "59"]
[EventDate "2024.12.03"]
[EventType "swiss"]
[EventRounds "9"]
[EventCountry "USA"]
[SourceTitle "CB50_2024"]
[SourceDate "2024.11.01"]
[SourceVersion "1"]
[SourceVersionDate "2024.11.01"]
[SourceQuality "2"]

1. d4 Nf6 2. c4 g6 3. Nc3 Bg7 4. e4 d6 5. Be2 0-0 6. Be3 a5 7. h4 h5 8. f3 Nc6 9. Nb5 a4 10. Qd2 Na7 11. Nxa7 Rxa7 12. e5 Ne8 13. f4 c6 14. g4 hxg4 15. h5 f5 16. h6 Bh8 17. h7+ Kg7 18. d5 c5 19. 0-0-0 Nc7 20. Bf1 Kf7 21. e6+ Ke8 22. Rh6 Rf6 23. Bf2 Ra6 24. Bh4 Rf8 25. Rxg6 Rb6 26. Rg8 Nxe6 27. Re1 Rxb2 28. Qxb2 Bxb2+ 29. Kxb2 Kd7 30. dxe6+ 1-0

[Event "Saint Louis Masters op"]
[Site "Saint Louis"]
[Date "2024.12.03"]
[Round "1"]
[White "Antova, Gabriela"]
[Black "Moradiabadi, Elshan"]
[Result "0-1"]
[WhiteElo "2205"]
[BlackElo "2512"]
[PlyCount "32"]
[EventDate "2024.12.03"]
[EventType "swiss"]
[EventRounds "9"]
[EventCountry "USA"]
[SourceTitle "CB50_2024"]
[SourceDate "2024.11.01"]
[SourceVersion "1"]
[SourceVersionDate "2024.11.01"]
[SourceQuality "2"]

1. Nf3 g6 2. g3 b6 3. e4 Bb7 4. Nc3 Bg7 5. d3 e6 6. Bg2 Ne7 7. 0-0 0-0 8. Bd2 h6 9. Re1 d6 10. a4 a6 11. d4 Nd7 12. Qe2 c5 13. dxc5 Nxc5 14. e5 dxe5 15. b4 Nd7 16. Rad1 Qc7 0-1

[Event "US Masters op"]
[Site "Charlotte"]
[Date "2024.11.29"]
[Round "4"]
[White "Moradiabadi, Elshan"]
[Black "Donchenko, Alexander"]
[Result "1/2-1/2"]
[WhiteElo "2515"]
[BlackElo "2617"]
[PlyCount "105"]
[EventDate "2024.11.27"]
[EventType "swiss"]
[EventRounds "9"]
[EventCountry "USA"]
[SourceTitle "CB49_2024"]
[SourceDate "2024.12.04"]
[SourceVersion "1"]
[SourceVersionDate "2024.12.04"]
[SourceQuality "1"]

1. e4 c5 2. Nf3 d6 3. Bb5+ Nd7 4. Ba4 Ngf6 5. 0-0 e6 6. d3 Be7 7. c4 0-0 8. Nc3 a6 9. Qe2 h6 10. Bd2 Qc7 11. Ne1 Ne5 12. f4 Nc6 13. Bxc6 Qxc6 14. g4 Nh7 15. a4 Bd7 16. Nf3 b5 17. axb5 axb5 18. Nxb5 Qb6 19. Nc3 Rxa1 20. Rxa1 Qxb2 21. Rb1 Qb6 22. Ra1 Qb2 23. Rb1 Qa3 24. g5 hxg5 25. Rb7 Rd8 26. fxg5 Bf8 27. Nd1 Qa8 28. Rb1 d5 29. Bf4 dxe4 30. dxe4 Bc6 31. Nf2 Be7 32. h4 f6 33. g6 Nf8 34. h5 e5 35. Bc1 Ne6 36. h6 Rb8 37. Nxe5 fxe5 38. Qh5 Rxb1 39. hxg7 Rxc1+ 40. Kh2 Rh1+ 41. Kxh1 Bxe4+ 42. Kh2 Kxg7 43. Qh7+ Kf6 44. Qf7+ Kg5 45. Qxe7+ Kh5 46. Qxe6 Bxg6 47. Qxe5+ Kh6 48. Ng4+ Kh7 49. Nf6+ Kh6 50. Qe3+ Kg7 51. Qe7+ Kh6 52. Ng4+ Kh5 53. Nf6+ 1/2-1/2

[Event "US Masters op"]
[Site "Charlotte"]
[Date "2024.11.28"]
[Round "3"]
[White "Aarav, Dengla"]
[Black "Moradiabadi, Elshan"]
[Result "0-1"]
[WhiteElo "2390"]
[BlackElo "2515"]
[PlyCount "92"]
[EventDate "2024.11.27"]
[EventType "swiss"]
[EventRounds "9"]
[EventCountry "USA"]
[SourceTitle "CB49_2024"]
[SourceDate "2024.12.04"]
[SourceVersion "1"]
[SourceVersionDate "2024.12.04"]
[SourceQuality "1"]

1. e4 e5 2. Nf3 Nc6 3. Bc4 Nf6 4. d3 h6 5. 0-0 a6 6. a4 d6 7. Nc3 g5 8. a5 Bg7 9. Be3 Be6 10. Bxe6 fxe6 11. d4 exd4 12. Nxd4 Qd7 13. Nxc6 Qxc6 14. Qd3 Ng4 15. Bd4 Ne5 16. Qh3 Qd7 17. Qh5+ Qf7 18. Qxf7+ Kxf7 19. Bxe5 Bxe5 20. Ne2 Ke7 21. c3 Rhf8 22. Nc1 c5 23. Nd3 Bg7 24. c4 Bd4 25. Rab1 b5 26. axb6 Rfb8 27. Ra1 Rxb6 28. Ra2 Rb3 29. Rd1 a5 30. Rd2 a4 31. Nc1 Rb4 32. Rc2 Rab8 33. Kf1 Rxb2 34. Rcxb2 Rxb2 35. Rxb2 Bxb2 36. Na2 Kf6 37. Ke2 Ke5 38. Kd3 g4 39. f3 gxf3 40. gxf3 Kf4 41. Ke2 h5 42. Kf2 h4 43. Ke2 h3 44. Kf2 Bd4+ 45. Ke2 Bg1 46. Nc3 a3 0-1

[Event "Wolfsberg NSV 100 Ann"]
[Site "Wolfsberg"]
[Date "2024.11.21"]
[Round "9"]
[White "Moradiabadi, Elshan"]
[Black "Petkidis, Anthony"]
[Result "1/2-1/2"]
[WhiteElo "2515"]
[BlackElo "2436"]
[PlyCount "81"]
[EventDate "2024.11.16"]
[EventType "swiss"]
[EventRounds "9"]
[EventCountry "AUT"]
[SourceTitle "CB48_2024"]
[SourceDate "2024.11.28"]
[SourceVersion "1"]
[SourceVersionDate "2024.11.28"]
[SourceQuality "1"]

1. e4 e5 2. Nf3 Nc6 3. Bb5 a6 4. Ba4 Nf6 5. 0-0 Be7 6. Re1 b5 7. Bb3 0-0 8. a4 Bb7 9. d3 d6 10. Bd2 Qd7 11. h3 Nd8 12. axb5 axb5 13. Rxa8 Bxa8 14. Nc3 Ne6 15. Bxe6 fxe6 16. b4 h6 17. Qe2 c6 18. Ra1 Bb7 19. Qd1 Rb8 20. Ne2 Qc8 21. g4 c5 22. bxc5 d5 23. Nxe5 Bxc5 24. Rb1 Ba8 25. Be3 Bd6 26. d4 dxe4 27. Nf4 b4 28. Ra1 Nd5 29. Nxd5 Bxd5 30. g5 hxg5 31. Ng6 Ra8 32. Rxa8 Bxa8 33. Qg4 Bd5 34. Qxg5 Qxc2 35. Qd8+ Kh7 36. Qxd6 Qb1+ 37. Kh2 Kxg6 38. Qf8 b3 39. Qe8+ Kh7 40. Qh5+ Kg8 41. Qe8+ 1/2-1/2

[Event "Wolfsberg NSV 100 Ann"]
[Site "Wolfsberg"]
[Date "2024.11.20"]
[Round "8"]
[White "Meier, Georg"]
[Black "Moradiabadi, Elshan"]
[Result "1-0"]
[WhiteElo "2603"]
[BlackElo "2515"]
[PlyCount "101"]
[EventDate "2024.11.16"]
[EventType "swiss"]
[EventRounds "9"]
[EventCountry "AUT"]
[SourceTitle "CB48_2024"]
[SourceDate "2024.11.28"]
[SourceVersion "1"]
[SourceVersionDate "2024.11.28"]
[SourceQuality "1"]

1. Nf3 d5 2. g3 Nf6 3. Bg2 c6 4. 0-0 Bg4 5. c4 e6 6. cxd5 Bxf3 7. Bxf3 cxd5 8. d4 Nc6 9. e3 Rc8 10. Nc3 Bb4 11. Bd2 0-0 12. Qb3 Qb6 13. a3 Bxc3 14. Qxb6 axb6 15. Bxc3 Ne4 16. Rfc1 Nxc3 17. Rxc3 Ne7 18. Rb3 Rc6 19. e4 Ra8 20. exd5 Nxd5 21. Bxd5 exd5 22. Re1 Kf8 23. Re5 Rd8 24. Rbe3 Rc7 25. h4 g6 26. h5 Kg7 27. Kg2 Rd6 28. Re7 Rdd7 29. Rxd7 Rxd7 30. g4 Kf8 31. hxg6 hxg6 32. Re5 Rd6 33. g5 b5 34. b3 b4 35. a4 b6 36. Kg3 f6 37. gxf6 Kf7 38. Kg4 Kxf6 39. f4 Rd8 40. Kf3 Kf7 41. Kg3 Rd7 42. Kg4 Rd6 43. Kg5 Rd8 44. f5 gxf5 45. Rxf5+ Ke7 46. Rf6 Rg8+ 47. Rg6 Rb8 48. Kf5 Rf8+ 49. Ke5 Rf3 50. Rxb6 Rxb3 51. Kxd5 1-0

[Event "Wolfsberg NSV 100 Ann"]
[Site "Wolfsberg"]
[Date "2024.11.20"]
[Round "7"]
[White "Moradiabadi, Elshan"]
[Black "Pubantz, Jan"]
[Result "1-0"]
[WhiteElo "2515"]
[BlackElo "2297"]
[PlyCount "123"]
[EventDate "2024.11.16"]
[EventType "swiss"]
[EventRounds "9"]
[EventCountry "AUT"]
[SourceTitle "CB48_2024"]
[SourceDate "2024.11.28"]
[SourceVersion "1"]
[SourceVersionDate "2024.11.28"]
[SourceQuality "1"]

1. e4 c6 2. d4 d5 3. e5 Bf5 4. Nf3 e6 5. Be2 c5 6. Be3 Qb6 7. Nc3 Nc6 8. Na4 Qa5+ 9. c3 c4 10. b4 Bxb4 11. cxb4 Nxb4 12. Nc5 Nc2+ 13. Kf1 Nxa1 14. Qxa1 Qb5 15. h3 Ne7 16. g4 Qb1+ 17. Qxb1 Bxb1 18. Kg2 Bg6 19. Nh4 0-0-0 20. Nxg6 hxg6 21. Rb1 b6 22. Na4 Kc7 23. h4 Rb8 24. Bd1 Nc6 25. Kg3 b5 26. Nc5 Rb6 27. f4 a5 28. h5 gxh5 29. f5 exf5 30. gxf5 Ne7 31. Bc2 g6 32. f6 Nf5+ 33. Bxf5 gxf5 34. Kf4 h4 35. e6 fxe6 36. Ke5 f4 37. Kxf4 Kd8 38. Kg5 Ke8 39. Rf1 Rf8 40. Kg6 Rg8+ 41. Kh5 Rf8 42. Bh6 Rf7 43. Kg6 b4 44. Re1 b3 45. axb3 cxb3 46. Nxb3 a4 47. Nc5 a3 48. Nxe6 a2 49. Ng5+ Kd7 50. Nxf7 Rb1 51. Re7+ Kc6 52. Ra7 a1Q 53. Ne5+ Kb5 54. Rxa1 Rxa1 55. f7 Rf1 56. f8Q Rxf8 57. Bxf8 h3 58. Ng4 Kc4 59. Bg7 Kc3 60. Kf7 Kd2 61. Ke6 Ke2 62. Kxd5 1-0

[Event "US op 124th"]
[Site "Norfolk"]
[Date "2024.08.02"]
[Round "7"]
[White "Zhou, Jianchao"]
[Black "Moradiabadi, Elshan"]
[Result "1/2-1/2"]
[WhiteElo "2581"]
[BlackElo "2515"]
[PlyCount "25"]
[EventDate "2024.07.27"]
[EventType "swiss"]
[EventRounds "9"]
[EventCountry "USA"]
[SourceTitle "EXT 2025"]
[Source "ChessBase"]
[SourceDate "2024.10.14"]
[SourceVersion "1"]
[SourceVersionDate "2024.10.14"]
[SourceQuality "1"]

1. d4 Nf6 2. Nf3 e6 3. c4 b6 4. a3 Bb7 5. Bf4 Bd6 6. Bxd6 cxd6 7. Nc3 0-0 8. e3 d5 9. cxd5 Nxd5 10. Nxd5 Bxd5 11. Rc1 Nc6 12. Bc4 Bxc4 13. Rxc4 1/2-1/2

[Event "Las Vegas National op"]
[Site "Las Vegas"]
[Date "2024.06.09"]
[Round "7"]
[White "Rahul, Srivatshav P"]
[Black "Moradiabadi, Elshan"]
[Result "1/2-1/2"]
[WhiteElo "2453"]
[BlackElo "2511"]
[PlyCount "36"]
[EventDate "2024.06.03"]
[EventType "swiss"]
[EventRounds "9"]
[EventCountry "USA"]
[SourceTitle "CBM 220 Extra"]
[Source "ChessBase"]
[SourceDate "2024.07.31"]
[SourceVersion "1"]
[SourceVersionDate "2024.07.31"]
[SourceQuality "1"]

1. d4 Nf6 2. c4 e6 3. Nc3 Bb4 4. g3 0-0 5. Bg2 Nc6 6. Nf3 d5 7. 0-0 dxc4 8. Re1 Re8 9. a3 Bd6 10. Qa4 e5 11. Qxc4 exd4 12. Nxd4 Nxd4 13. Qxd4 Be5 14. Qxd8 Rxd8 15. Bf4 Bxf4 16. gxf4 c6 17. b4 Bf5 18. Rac1 Rac8 1/2-1/2

[Event "Titled Tuesday intern op 29th Aug Late"]
[Site "Chess.com INT"]
[Date "2023.08.29"]
[Round "6"]
[White "Aqib, Javaid Butt"]
[Black "Moradiabadi, Elshan"]
[Result "0-1"]
[WhiteElo "1759"]
[BlackElo "2524"]
[PlyCount "100"]
[EventDate "2023.08.29"]
[EventType "swiss (blitz)"]
[EventRounds "11"]
[EventCountry "USA"]
[SourceTitle "EXT 2024"]
[Source "ChessBase"]
[SourceDate "2023.10.10"]
[SourceVersion "1"]
[SourceVersionDate "2023.10.10"]
[SourceQuality "1"]

1. d4 Nf6 2. Nf3 c5 3. e3 b6 4. Be2 Bb7 5. 0-0 g6 6. Ne5 d6 7. Bf3 Qc8 8. Bxb7 Qxb7 9. Qf3 Qxf3 10. Nxf3 Nc6 11. c3 Bg7 12. b3 0-0-0 13. Bb2 h6 14. Nbd2 cxd4 15. cxd4 d5 16. Rac1 Kb7 17. Rxc6 Kxc6 18. Ne5+ Kb7 19. Nxf7 Rc8 20. Nxh8 Rc2 21. Bc1 Bxh8 22. a4 Nd7 23. Rd1 e5 24. Nf3 e4 25. Nd2 Bf6 26. Kf1 Be7 27. Ke2 Bb4 28. f3 Nf6 29. fxe4 Nxe4 30. Kd3 Rc3+ 31. Ke2 Rc2 32. Kd3 Rxc1 33. Rxc1 Nxd2 34. Rc2 Nxb3 35. Rf2 Bd6 36. Rf7+ Ka6 37. Rf6 Bxh2 38. Rxg6 Ka5 39. Rxh6 Bg3 40. Rg6 Be1 41. e4 dxe4+ 42. Kxe4 Kxa4 43. d5 Nc5+ 44. Ke5 Bc3+ 45. Kd6 Kb5 46. Kc7 Be5+ 47. d6 Ne4 48. g4 Kc5 49. Kb7 Bxd6 50. Kxa7 b5 0-1

[Event "Titled Tuesday intern op 29th Aug Late"]
[Site "Chess.com INT"]
[Date "2023.08.29"]
[Round "7"]
[White "Moradiabadi, Elshan"]
[Black "Bagchi, Sounak"]
[Result "1-0"]
[WhiteElo "2524"]
[BlackElo "2030"]
[PlyCount "79"]
[EventDate "2023.08.29"]
[EventType "swiss (blitz)"]
[EventRounds "11"]
[EventCountry "USA"]
[SourceTitle "EXT 2024"]
[Source "ChessBase"]
[SourceDate "2023.10.10"]
[SourceVersion "1"]
[SourceVersionDate "2023.10.10"]
[SourceQuality "1"]

1. Nf3 Nf6 2. g3 g6 3. Bg2 Bg7 4. 0-0 0-0 5. d4 d5 6. a4 c6 7. a5 Bf5 8. Nh4 Be6 9. Nd2 Na6 10. Nb3 Rc8 11. Nf3 c5 12. dxc5 Nxc5 13. Nfd4 Bd7 14. Nxc5 Rxc5 15. Nb3 Rc8 16. Be3 Bf5 17. c3 b6 18. axb6 axb6 19. Ra6 Rb8 20. Bf4 Ra8 21. Qa1 Ne4 22. Be3 b5 23. Rd1 Rxa6 24. Qxa6 b4 25. g4 Nxc3 26. bxc3 Bc2 27. Rxd5 Qc8 28. Qxc8 Rxc8 29. Nd4 Bxd4 30. Bxd4 b3 31. Rb5 Rd8 32. f4 f6 33. g5 e5 34. fxe5 fxe5 35. Bxe5 Rd1+ 36. Kf2 Rb1 37. Bd5+ Kf8 38. Bf6 Ke8 39. Be6 Bf5 40. Rb8# 1-0

[Event "Titled Tuesday intern op 29th Aug Late"]
[Site "Chess.com INT"]
[Date "2023.08.29"]
[Round "5"]
[White "Moradiabadi, Elshan"]
[Black "Negron Lizarazo, Juan Sebastian"]
[Result "1-0"]
[WhiteElo "2524"]
[BlackElo "1689"]
[PlyCount "61"]
[EventDate "2023.08.29"]
[EventType "swiss (blitz)"]
[EventRounds "11"]
[EventCountry "USA"]
[SourceTitle "EXT 2024"]
[Source "ChessBase"]
[SourceDate "2023.10.10"]
[SourceVersion "1"]
[SourceVersionDate "2023.10.10"]
[SourceQuality "1"]

1. Nf3 c5 2. e4 d6 3. Bb5+ Bd7 4. c4 Bxb5 5. cxb5 Qd7 6. Qe2 Nf6 7. 0-0 g6 8. d4 cxd4 9. Nxd4 Bg7 10. Rd1 0-0 11. Nc3 a6 12. Bg5 axb5 13. Ndxb5 Nc6 14. Rac1 Rfc8 15. h3 Ne5 16. f4 Nc4 17. e5 Ne8 18. b3 Na5 19. Nd5 f6 20. Nb6 Qd8 21. Nxc8 fxg5 22. exd6 Nxd6 23. Nxe7+ Kh8 24. Nxd6 Qb6+ 25. Kh1 Rf8 26. Rc8 h5 27. Nxg6+ Kh7 28. Qxh5+ Bh6 29. Nxf8+ Kg7 30. Qf7+ Kh8 31. Qh7# 1-0

[Event "Titled Tuesday intern op 29th Aug Late"]
[Site "Chess.com INT"]
[Date "2023.08.29"]
[Round "9"]
[White "Moradiabadi, Elshan"]
[Black "Senft, Sean"]
[Result "0-1"]
[WhiteElo "2524"]
[BlackElo "2146"]
[PlyCount "56"]
[EventDate "2023.08.29"]
[EventType "swiss (blitz)"]
[EventRounds "11"]
[EventCountry "USA"]
[SourceTitle "EXT 2024"]
[Source "ChessBase"]
[SourceDate "2023.10.10"]
[SourceVersion "1"]
[SourceVersionDate "2023.10.10"]
[SourceQuality "1"]

1. Nf3 d5 2. g3 Nf6 3. Bg2 c6 4. 0-0 Bg4 5. c4 e6 6. cxd5 cxd5 7. Ne5 Bf5 8. g4 Be4 9. f3 Bg6 10. h4 Bxb1 11. Rxb1 Nc6 12. Nxc6 bxc6 13. Qa4 Qc7 14. g5 Nh5 15. f4 Bd6 16. e3 g6 17. b4 0-0 18. Bb2 Rfc8 19. Rfc1 Ng3 20. b5 Ne2+ 21. Kf2 Nxc1 22. Rxc1 c5 23. h5 Qb6 24. hxg6 fxg6 25. Bh3 Re8 26. Rh1 a6 27. Qc2 axb5 28. Qa4 bxa4 0-1

[Event "Casablanca Mohammed op 4th"]
[Site "Casablanca"]
[Date "2023.08.19"]
[Round "9"]
[White "Moradiabadi, Elshan"]
[Black "Gomez Ledo, Roberto Carlos"]
[Result "1-0"]
[WhiteElo "2524"]
[BlackElo "2450"]
[PlyCount "51"]
[EventDate "2023.08.14"]
[EventType "swiss"]
[EventRounds "9"]
[EventCountry "MAR"]
[SourceTitle "CBM 215 Extra"]
[Source "ChessBase"]
[SourceDate "2023.09.30"]
[SourceVersion "1"]
[SourceVersionDate "2023.09.30"]
[SourceQuality "1"]

1. d4 d5 2. c4 dxc4 3. e4 e5 4. Nf3 Bb4+ 5. Nc3 b5 6. Bg5 Ne7 7. dxe5 Qxd1+ 8. Kxd1 Bxc3 9. bxc3 Bg4 10. a4 c6 11. Kc2 Bxf3 12. gxf3 Nd7 13. Be2 Nc5 14. axb5 cxb5 15. Be3 Nb3 16. Ra6 0-0 17. Rd1 Rfc8 18. f4 Ng6 19. Rd5 Rcb8 20. f5 Nf8 21. e6 fxe6 22. fxe6 Ng6 23. f4 Rb7 24. f5 Ne7 25. Rd7 Rab8 26. Bxa7 1-0

[Event "Casablanca Mohammed op 4th"]
[Site "Casablanca"]
[Date "2023.08.15"]
[Round "3"]
[White "Milliet, Sophie"]
[Black "Moradiabadi, Elshan"]
[Result "0-1"]
[WhiteElo "2388"]
[BlackElo "2524"]
[PlyCount "194"]
[EventDate "2023.08.14"]
[EventType "swiss"]
[EventRounds "9"]
[EventCountry "MAR"]
[SourceTitle "CBM 215 Extra"]
[Source "ChessBase"]
[SourceDate "2023.09.30"]
[SourceVersion "1"]
[SourceVersionDate "2023.09.30"]
[SourceQuality "1"]

1. d4 e6 2. e4 d5 3. Nc3 Bb4 4. e5 c5 5. a3 Bxc3+ 6. bxc3 Nc6 7. Qg4 g6 8. h4 Qa5 9. Bd2 h6 10. h5 g5 11. f4 f5 12. Qg3 g4 13. c4 Qa4 14. dxc5 Qxc2 15. Bd3 Qb2 16. Rb1 Qxa3 17. cxd5 exd5 18. Ne2 Qxc5 19. Rb5 Qa3 20. Bxf5 Qxg3+ 21. Nxg3 Bxf5 22. Nxf5 b6 23. Nd6+ Kd7 24. 0-0 Nge7 25. Nf7 Nd4 26. Nxh8 Nxb5 27. Ng6 Nf5 28. Re1 Nbd4 29. e6+ Nxe6 30. Ne5+ Kd6 31. Nxg4 Nc5 32. Ne5 Ne4 33. Bb4+ Ke6 34. Rc1 d4 35. g4 Ne3 36. Rc6+ Kd5 37. Rxh6 Rc8 38. Rc6 Rxc6 39. Nxc6 Nxg4 40. Nxa7 Nef6 41. Nc8 Kc4 42. Be1 b5 43. Kg2 b4 44. Nd6+ Kc5 45. Nb7+ Kb6 46. Bxb4 Kxb7 47. Kf3 Kc6 48. Ba3 Kd5 49. Bb2 d3 50. Bc1 Nh6 51. f5 Nxf5 52. h6 Kc4 53. Bd2 Kb3 54. Bg5 Nh7 55. Ke4 Nxg5+ 56. Kxd3 Nh7 57. Ke4 Ne7 58. Ke5 Ng8 59. Kf5 Kc4 60. Kg6 Ngf6 61. Kf5 Kd5 62. Kf4 Ng8 63. Kf5 Ne7+ 64. Kf4 Kd4 65. Kf3 Nf5 66. Kf4 Nd6 67. Kf3 Kd3 68. Kf4 Kd4 69. Kf3 Nc4 70. Kf4 Ne3 71. Kf3 Nd5 72. Ke2 Kc3 73. Kf3 Kd3 74. Kf2 Nc3 75. Kf3 Ne2 76. Kf2 Nd4 77. Ke1 Kc2 78. Kf2 Kd2 79. Kf1 Nc2 80. Kf2 Ne1 81. Kg3 Ke3 82. Kg4 Ke4 83. Kg3 Nd3 84. Kg4 Nf2+ 85. Kg3 Ke3 86. Kg2 Ne4 87. Kf1 Kd2 88. Kg2 Ke2 89. Kg1 Ng3 90. Kg2 Nf1 91. Kg1 Ne3 92. Kh2 Kf3 93. Kg1 Kg3 94. Kh1 Kf2 95. Kh2 Ng5 96. h7 Nf1+ 97. Kh1 Ne4 0-1